000 00479nam a2200181 i 4500
001 2-00279186
003 PPAK
005 20180728113220.0
008 070423s -hk |||| ||||| | eng d
022 _a0115-4842
040 _aPPAK
_beng
_cPPAK
_erda
245 0 0 _aWorld Executive's Digest (Jan-Dec 1996)
264 1 _aHong Kong:
_bWorld Executives Digest,
336 _2rdacontent
_atext
337 _2rdamedia
_aunmediated
338 _2rdacarrier
_avolume
942 _ddc
_cSR
999 _c168601
_d168601